MARC

LEADER 00000nam0a2200000 4500
001 262063
005 20231101233623.0
035 |a (RuTPU)RU\TPU\book\285045 
035 |a RU\TPU\book\285036 
090 |a 262063 
100 |a 20140529d1961 m y0rusy50 ca 
101 0 |a rus 
102 |a RU 
105 |a a j 001zy 
200 1 |a Практикум по общей химии  |e для студентов химико-технологических факультетов вузов  |h Вып. 1  |f Г. И. Зворыкина [и др.]  |g Горьковский политехнический институт имени А. А. Жданова (ГПИ) 
210 |a Горький  |c Изд-во Горьковского политехн. ин-та  |d 1961 
215 |a 93 с.  |c ил. 
606 1 |a Химия общая  |2 stltpush  |3 (RuTPU)RU\TPU\subj\67862  |9 83510 
610 1 |a практикумы 
610 1 |a учебные пособия 
610 1 |a лабораторные работы 
610 1 |a неорганические соединения 
610 1 |a номенклатура 
610 1 |a молекулярный вес 
610 1 |a углекислый газ 
610 1 |a химический эквивалент 
610 1 |a химические растворы 
610 1 |a химические реакции 
610 1 |a скорость 
675 |a 54(076.5)  |v 3 
701 1 |a Зворыкина  |b Г. И. 
701 1 |a Пономарева  |b И. Н. 
701 1 |a Карабанова  |b Н. В. 
701 1 |a Булыгина  |b И. С. 
712 0 2 |a Горьковский политехнический институт имени А. А. Жданова (ГПИ)  |c (1950-1990)  |2 stltpush  |3 (RuTPU)RU\TPU\col\2321 
801 1 |a RU  |b 63413507  |c 20021126  |g PSBO 
801 2 |a RU  |b 63413507  |c 20140603  |g PSBO 
942 |c BK